[Event "Merida World Heritage op 2nd"]
[Site "Merida"]
[Date "2022.08.03"]
[Round "2"]
[White "Garcia Molero, Alejandro"]
[Black "Neves, Joao Gustavo Gomes"]
[Result "1-0"]
[WhiteElo "1844"]
[BlackElo "1375"]
[PlyCount "83"]
[EventDate "2022.08.02"]
[EventType "swiss"]
[EventRounds "9"]
[EventCountry "ESP"]
[SourceTitle "EXT 2023"]
[Source "ChessBase"]
[SourceDate "2022.10.05"]
[SourceVersion "1"]
[SourceVersionDate "2022.10.05"]
[SourceQuality "1"]

1. d4 f5 2. c4 g6 3. Nc3 Nf6 4. e3 Bg7 5. Bd3 d5 6. f3 Nc6 7. Qb3 e6 8. Nge2 Na5 9. Qa4+ c6 10. c5 b5 11. cxb6 Qxb6 12. Bd2 Nb7 13. b4 Nd6 14. Rb1 Bd7 15. Qb3 Rb8 16. Na4 Qd8 17. Qc2 Nb5 18. Rb3 Nh5 19. f4 Nf6 20. Nec3 Bf8 21. Nc5 Nh5 22. 0-0 Bd6 23. a4 Nxc3 24. Qxc3 Nf6 25. Rc1 Rc8 26. Nb7 Qc7 27. Nxd6+ Qxd6 28. b5 0-0 29. Qc5 Qxc5 30. dxc5 cxb5 31. axb5 Rc7 32. Ba5 Rcc8 33. c6 Ne4 34. Bxe4 dxe4 35. Rd1 Be8 36. c7 Bf7 37. Rb2 Kg7 38. Rd7 Kg8 39. Rbd2 Be8 40. Rd8 Bxb5 41. Rxc8 Rxc8 42. Rd8+ 1-0

[Event "POR-ch U14"]
[Site "Luso"]
[Date "2017.04.09"]
[Round "2"]
[White "Neves, Joao Gustavo Gomes"]
[Black "Dias, Afonso Paredes"]
[Result "1-0"]
[WhiteElo "1224"]
[BlackElo "1024"]
[PlyCount "83"]
[EventDate "2017.04.08"]
[EventType "swiss"]
[EventRounds "8"]
[EventCountry "POR"]
[SourceTitle "EXT 2018"]
[Source "ChessBase"]
[SourceDate "2017.10.13"]
[SourceVersion "1"]
[SourceVersionDate "2017.10.13"]
[SourceQuality "1"]

1. e4 e5 2. Nf3 Nc6 3. Bc4 Nf6 4. d3 h6 5. a3 Bc5 6. Be3 Bxe3 7. fxe3 d5 8. exd5 Nxd5 9. e4 Ne3 10. Qd2 Nxc4 11. dxc4 Be6 12. b3 Qd7 13. 0-0 0-0-0 14. Qe2 Rhe8 15. Nc3 Nd4 16. Qd1 Nxf3+ 17. Qxf3 Qd4+ 18. Kh1 Qd2 19. Rf2 Qg5 20. Re1 Rf8 21. Qe3 Qxe3 22. Rxe3 Rfe8 23. Rg3 g6 24. h3 Rg8 25. Nd5 Bxd5 26. cxd5 Rdf8 27. Rgf3 Rg7 28. Rf6 b6 29. Re6 Kb7 30. Rxe5 Ka6 31. Re7 c5 32. dxc6 Rc8 33. c7 Ka5 34. Rd2 Rgg8 35. Rxf7 Rge8 36. Kg1 b5 37. Kf2 Kb6 38. Rdd7 a5 39. Rde7 Rg8 40. Rf6+ Kc5 41. Ke3 b4 42. Re5# 1-0